| 000 | 00346nam a22001457a 4500 | ||
|---|---|---|---|
| 003 | SGT | ||
| 020 | _a817214055X | ||
| 082 |
_a954 _bT92W |
||
| 100 | _aWEBSTER, JOHN C.B. | ||
| 245 | _aTHE DALIT CHRISTIANS: A HISTORY | ||
| 260 |
_bINDIAN SOCIETY FOR PROMOTING CHRISTIANS _c1992 |
||
| 300 | _a262 | ||
| 650 | _aHISTORY OF INDIA | ||
| 942 |
_2ddc _cBK |
||
| 999 |
_c28046 _d28046 |
||